000 00802nam a22002537a 4500
005 20180803165610.0
008 141107s2004 ec a gr 00010 spa d
020 _a9978224025
022 _a13901222
041 _aspa
044 _aec
082 0 4 _a577.38
_bP14
245 0 0 _aPáramos y humedales /
_c transcripción por Gabrila Maldonado, Editado Patricio Mena Vásconez y Doris Ortíz
260 3 _aQuito :
_bEdiciones Abya-Yala,
_c2004.
300 _a72 p. :
_c21 cm.
490 _aPáramo
_v14
504 _aIncluye bibliografías.
650 6 _aPáramos.
_z Ecuador
_928424
650 6 _aHumedales.
_992440
650 _aEcosistemas
_992256
700 1 _aMena-Vásconez, Patricio,
_eed.
_93165
710 2 _aGrupo de Trabajo en Páramos del Ecuador (GTP)
_99447
942 _2ddc
_cLIBRO
_04
999 _c8759
_d8759